|
|
|
|
| LEADER |
00000nam0a2200000 4500 |
| 001 |
674693 |
| 005 |
20240919085307.0 |
| 090 |
|
|
|a 674693
|
| 100 |
|
|
|a 20240919d1979 k||y0rusy50 ca
|
| 101 |
0 |
|
|a rus
|
| 102 |
|
|
|a RU
|
| 105 |
|
|
|a a z 001yy
|
| 181 |
|
0 |
|a i
|b e
|
| 182 |
|
0 |
|a n
|
| 183 |
|
0 |
|a nc
|2 RDAcarrier
|
| 200 |
1 |
|
|a Металлические тонкостенные несущие конструкции при локальных нагрузках (теория местных напряжений)
|f Б. Б. Лампси
|
| 203 |
|
|
|a Текст
|b визуальный
|c непосредственный
|
| 210 |
|
|
|a Москва
|c Стройиздат
|d 1979
|
| 215 |
|
|
|a 272 с.
|c ил.
|
| 283 |
|
|
|a volume
|2 RDAcarrier
|
| 320 |
|
|
|a Список литературы: с. 249-255
|
| 606 |
1 |
|
|a Металлические конструкции несущие облегченные
|9 62012
|
| 610 |
1 |
|
|a тонкостенные стержни
|
| 610 |
1 |
|
|a напряженное состояние
|
| 610 |
1 |
|
|a упругость
|
| 610 |
1 |
|
|a напряжения
|
| 610 |
1 |
|
|a приближенные выражения
|
| 610 |
1 |
|
|a местные напряжения
|
| 610 |
1 |
|
|a расчет
|
| 610 |
1 |
|
|a исследование
|
| 675 |
|
|
|a 624.014
|v 4
|
| 700 |
|
1 |
|a Лампси
|b Б. Б.
|g Борис Борисович
|
| 801 |
|
0 |
|a RU
|b 63413507
|c 20240919
|
| 830 |
|
|
|a Ретро2024Каталогизация Шило
|
| 850 |
|
|
|a 63413507
|
| 942 |
|
|
|c BK
|